[Event "1st Grandiscacchi Cattolica 2022"]
[Site "Cattolica"]
[Date "2022.03.03"]
[Round "3.9"]
[White "Nikolov, Momchil"]
[Black "Formento, Paolo"]
[Result "1/2-1/2"]
[WhiteElo "2501"]
[BlackElo "2359"]
[Annotator "TA"]
[PlyCount "25"]
[EventDate "2022.03.03"]
[EventType "swiss"]
[EventCountry "ITA"]
[SourceTitle "playchess.com"]
[Source "ChessBase"]
[SourceQuality "1"]

{[%evp 15,25,0,0,0,0,0,0,-10,-12,-21,0,-21]} 1. d4 Nf6 2. c4 e6 3. Nf3 d5 4. g3 h6 5. Bg2 Bd6 6. O-O O-O 7. Nc3 Nc6 8. cxd5 exd5 {The position is equal.} 9. Nb5 {D35: Queen's Gambit Declined: Exchange Variation.} Bf5 10. Nxd6 Qxd6 {[#]} 11. Bf4 $146 ({Predecessor:} 11. Qb3 Qb4 12. Qxb4 Nxb4 13. Bd2 Nc6 14. h3 Rfe8 15. Be3 Nb4 16. Ne1 Re7 17. a3 Nc6 18. Nf3 Ne4 19. g4 Bh7 20. Bf4 {½-½ (20) Packroff,H (1933)-Pukropski,G (1892) GER email 2010}) 11... Qb4 12. b3 Qb6 13. Ne5 {An uneventful encounter.  Weighted Error Value: White=0.04 (flawless) /Black=0.07 (flawless)} 1/2-1/2

[Event "1st Grandiscacchi Cattolica 2022"]
[Site "Cattolica"]
[Date "2022.03.03"]
[Round "3.10"]
[White "Dimitrov, Radoslav"]
[Black "Ronka, Erik"]
[Result "1-0"]
[WhiteElo "2487"]
[BlackElo "2355"]
[Annotator "TA"]
[PlyCount "77"]
[EventDate "2022.03.03"]
[EventType "swiss"]
[EventCountry "ITA"]
[SourceTitle "playchess.com"]
[Source "ChessBase"]
[SourceQuality "1"]

{[%evp 15,77,0,0,-24,-25,-32,-26,-25,-22,-22,-21,-15,-8,-33,-11,-77,-29,-34,-30,-24,37,32,17,28,194,186,183,198,195,89,97,89,78,80,82,32,1250,0,91,0,22,27,41,47,47,18,412,410,374,302,441,310,449,91,71,61,535,524,503,497,700,629,588,574]} 1. e4 c5 2. Nc3 e6 3. g3 Nc6 4. Nge2 d6 5. Bg2 Nf6 6. O-O Be7 7. d3 O-O 8. h3 {8.f4 is the modern continuation.} Rb8 9. g4 {B24: Closed Sicilian: 3 g3 sidelines.} b5 {[%cal Bb7b5,Bb5b4][%mdl 32]} 10. Ng3 b4 11. Nce2 {[%cal Bc3e2,Be2d4,Bd4c6][%mdl 32] [#] Black has an edge.} h6 $146 ({Predecessor:} 11... Nd4 12. c3 bxc3 13. bxc3 Nxe2+ 14. Nxe2 Ba6 15. Qc2 Nd7 16. f4 e5 17. Be3 exf4 18. Bxf4 {½-½ (44) Arias,J (1933)-Saavedra,C (2179) Cochabamba 2013}) 12. f4 Nh7 13. Be3 a5 14. e5 d5 15. d4 (15. Qe1 $11 {keeps the balance.}) 15... cxd4 ({Better is} 15... Qb6 $17) 16. Nxd4 $11 Qb6 17. Nxc6 Qxe3+ (17... Qxc6 $11 18. Kh2 Ba6) 18. Kh2 $1 $14 Rb7 19. Nd4 {Rf3 is the strong threat. Pair of Knights!} Bh4 $2 (19... Bc5 $11 20. Nge2 Bxd4 21. Nxd4 f6) 20. Rf3 $18 Bxg3+ 21. Kxg3 Qe4 {[#]} 22. Qd2 (22. Rc3 $3 $18 {[%mdl 512] and White stays clearly on top.} Qg6 23. Rc6) 22... g5 $16 23. Re1 gxf4+ 24. Rxf4 Qg6 25. Bf1 (25. Re2 $16) 25... Qe4 $2 {[%mdl 8192]} 26. Bg2 $2 (26. Rfxe4 $18 {is more deadly.} dxe4 27. Qxh6) 26... Qg6 27. Bf1 (27. Re2 $16) 27... f5 28. Kh2 {And now gxf5 would win. Active counter play!} Rg7 29. Bd3 Ng5 $1 30. Qf2 $36 {[%cal Rg4f5][%mdl 2048] White is more active.} Rgf7 $2 {[%mdl 8192]} (30... Ne4 $11 {and Black has nothing to worry.} 31. Bxe4 dxe4) 31. gxf5 $18 exf5 32. Rg1 {aiming for h4.} Rg7 (32... Kh8 {might work better.} 33. e6 Bxe6) 33. h4 {[%cal Rd3f5]} Qe8 (33... Qh5 {was worth a try.} 34. Qg2 (34. Nxf5 Bxf5 35. Bxf5 Kh8 $16) 34... Re8) 34. hxg5 $2 (34. e6 $18 {and the rest is easy.}) 34... hxg5 $16 35. Nxf5 Qxe5 $2 {[%mdl 8192] [#]} (35... Rh7+ $1 $14 36. Nh4 Rh5) 36. Rg3 $1 $18 {[%mdl 512] Intending Nh6+ and mate. White is clearly winning.} Bxf5 (36... Rxf5 37. Rxf5) 37. Rxf5 {[%csl Gf2][%cal Rf5f8]} Rh7+ (37... Rxf5 $142 38. Qxf5 Qxf5 39. Bxf5 a4) 38. Kg2 Rxf5 39. Qxf5 {Weighted Error Value: White=0.57/Black=0.78} 1-0

[Event "1st Grandiscacchi Cattolica 2022"]
[Site "Cattolica"]
[Date "2022.03.04"]
[Round "4.1"]
[White "Praggnanandhaa R"]
[Black "Azarov, Sergei"]
[Result "1/2-1/2"]
[WhiteElo "2612"]
[BlackElo "2600"]
[Annotator "TA"]
[PlyCount "61"]
[EventDate "2022.03.03"]
[EventType "swiss"]
[EventCountry "ITA"]
[SourceTitle "playchess.com"]
[Source "ChessBase"]
[SourceQuality "1"]

{[%evp 9,61,17,12,6,27,27,20,14,29,17,29,0,8,0,0,0,-5,0,-7,0,0,-6,-19,-3,0,0,0,0,0,0,0,0,0,0,0,0,0,0,0,0,0,0,0,0,0,0,0,0,0,0,0,0,0,0]} 1. d4 Nf6 2. c4 e6 3. Nf3 b6 4. g3 Ba6 5. Nbd2 Bb4 6. Qa4 {E15: Queen's Indian: 4 g3 sidelines, 4 g3 Ba6 and 4 g3 Bb7 early deviations.} Qe7 $1 {[%mdl 4] now scores much better than the old 6...c5.} 7. a3 Bxd2+ 8. Bxd2 ({Much worse is} 8. Kxd2 Bb7 $15) 8... O-O 9. Bg2 Bb7 10. O-O d6 {The position is equal.} 11. Rac1 {[%cal Oc4c5]} Nbd7 {[#]} 12. Rfe1 $146 ({Predecessor:} 12. Rfd1 a5 13. Qc2 a4 14. Ne1 Bxg2 15. Nxg2 e5 16. Bc3 Rfe8 17. Ne3 exd4 18. Bxd4 {0-1 (78) Studer,N (2580)-Wojtaszek,R (2719) Biel 2020}) 12... a5 13. Bg5 {[%cal Oe2e4]} h6 14. Bxf6 Nxf6 15. c5 bxc5 16. dxc5 Bxf3 17. cxd6 cxd6 {[%cal Bc7d6,Bd6d5][%mdl 32] [#] Hoping for ...Bxg2.} 18. Bxf3 d5 19. Rc2 Qe8 20. Qxe8 Rfxe8 {[%cal Bf8e8,Be8b8,Bb8b3][%mdl 32]} 21. e4 Nxe4 22. Bxe4 dxe4 23. Rxe4 $11 {[%mdl 4096] Endgame KRR-KRR} Reb8 24. Ra4 Rb3 25. h4 g6 26. Kg2 Kg7 27. Rac4 Rab8 28. Rc5 a4 29. Ra5 Rxb2 30. Rxb2 Rxb2 31. Rxa4 {A balanced but interesting game.  Weighted Error Value: White=0.03 (flawless) /Black=0.01 (flawless)} 1/2-1/2

[Event "1st Grandiscacchi Cattolica 2022"]
[Site "Cattolica"]
[Date "2022.03.04"]
[Round "4.2"]
[White "Narayanan.S.L"]
[Black "Jobava, Baadur"]
[Result "1-0"]
[WhiteElo "2658"]
[BlackElo "2588"]
[Annotator "TA"]
[PlyCount "57"]
[EventDate "2022.03.03"]
[EventType "swiss"]
[EventCountry "ITA"]
[SourceTitle "playchess.com"]
[Source "ChessBase"]
[SourceQuality "1"]

{[%evp 16,57,20,15,29,18,28,29,25,18,20,16,64,46,52,63,69,78,99,94,76,55,45,24,61,0,29,34,127,143,222,224,255,246,245,256,418,389,636,634,843,829,784,716]} 1. d4 d5 2. c4 c6 3. Nf3 Nf6 4. Nc3 dxc4 5. a4 Bf5 6. Ne5 Na6 7. e3 e6 8. Bxc4 Nb4 9. O-O Bd6 {D17: Slav Defence: 5 a4 Bf5: Lines with 6 Nh4 and 6 Ne5.} 10. Qe2 h6 $1 11. e4 Bh7 {White has an edge.} 12. Bf4 {[%cal Bc1f4,Bf4g3,Bg3f2,Bf2h4][%mdl 32]} O-O $1 13. Bg3 Qc7 (13... Qe7 $11 {deserves consideration.}) 14. Kh1 Rae8 15. f4 a6 {[#]} 16. Bb3 $146 ({Predecessor:} 16. f5 c5 17. Nxf7 Bxg3 18. fxe6 Bh4 19. e5 Bg6 20. exf6 Bxf6 21. Ne5 Bxe5 22. e7+ {½-½ (43) Kreisl,R (2432)-Torre,E (2438) Tromsoe 2014}) 16... b5 17. Rac1 {[%cal Ra4b5]} Qa7 18. Bf2 {[%cal Od4d5] And now d5! would win.} Qb7 $1 {[%cal Oc6c5]} 19. Rcd1 Nd7 20. Qg4 {White is more active.} (20. Bg1 $14) 20... Nf6 (20... Bxe5 $5 21. fxe5 (21. dxe5 c5 $11) 21... c5 $14) 21. Qf3 Bc7 (21... c5 $14) 22. Bh4 $1 $16 Bd8 {[#]} (22... Bxe5 $16 23. dxe5 (23. fxe5 Nd7 $16) 23... Nd7) 23. f5 $1 $18 exf5 24. exf5 {[%cal Be4f5,Bf5f6][%mdl 32]} bxa4 25. Bxa4 Nfd5 $2 (25... Qc8 {was worth a try.} 26. Nxc6 Nxc6) 26. Bxd8 Rxd8 {[#]} (26... Rxe5 27. dxe5 Rxd8 28. Nxd5 Nxd5) 27. Nxd5 $1 {White is clearly winning.} cxd5 28. f6 {Threatens to win with fxg7.} Be4 29. Qg3 {Weighted Error Value: White=0.06 (flawless) /Black=0.45} 1-0

[Event "1st Grandiscacchi Cattolica 2022"]
[Site "Cattolica"]
[Date "2022.03.04"]
[Round "4.3"]
[White "Dimitrov, Radoslav"]
[Black "Nisipeanu, Liviu-Dieter"]
[Result "1/2-1/2"]
[WhiteElo "2487"]
[BlackElo "2652"]
[Annotator "TA"]
[PlyCount "80"]
[EventDate "2022.03.03"]
[EventType "swiss"]
[EventCountry "ITA"]
[SourceTitle "playchess.com"]
[Source "ChessBase"]
[SourceQuality "1"]

{[%evp 9,80,-17,27,30,25,21,21,20,23,12,9,13,20,17,10,12,16,0,0,0,0,0,0,0,14,8,14,14,10,0,0,0,0,0,6,8,83,68,95,99,87,60,75,0,0,0,0,0,24,21,28,0,0,0,0,0,13,0,0,0,0,0,0,0,0,0,0,0,0,0,0,0,0]} 1. e4 c6 2. Be2 d5 3. e5 Bf5 4. f4 e6 5. Nf3 Bc5 (5... c5 {is more appropriate.}) 6. d4 $11 {B10: Caro-Kann: 2 d3 and 2 c4.} Bb6 {[#]} 7. Be3 $146 ({Predecessor:} 7. O-O h6 8. c3 Ne7 9. Nbd2 O-O 10. b4 Nd7 11. a4 a5 12. Ba3 Re8 13. Nb3 {1-0 (27) Thonig,M (1555)-Anders,G (767) Rottach Egern 2021}) 7... Nd7 8. O-O Ne7 {[%cal Bg8e7,Be7c6,Bc6b4][%mdl 32]} 9. Nbd2 c5 10. c3 O-O 11. a4 Nc6 12. Nb3 {[%cal Rd4c5]} cxd4 13. cxd4 a5 14. Bd3 Bxd3 15. Qxd3 Nb4 16. Qe2 Rc8 17. Rac1 {Inhibits Rc2.} Rxc1 18. Rxc1 Nb8 19. Qb5 N8c6 20. Nc5 Na7 21. Nxb7 Nxb5 22. Nxd8 Nxd4 23. Bxd4 $16 Bxd4+ 24. Nxd4 Rxd8 $11 {[%mdl 4096] Endgame KRN-KRN} 25. Rc5 Nd3 26. Rb5 (26. Rxa5 $16 {Nc6 is the strong threat.} Rc8 27. g3) 26... Rc8 {[%cal Rc8c1] [#] Prevents Nc6.} 27. g3 {Hoping for Kf1.} g5 28. f5 $1 Nxe5 29. fxe6 fxe6 30. Rxa5 (30. Nxe6 $5 {[%cal Rb5d5]} Rc1+ 31. Kf2 $14) 30... Rc1+ {The position is equal.} 31. Kg2 Rd1 32. Nxe6 g4 33. h4 Rd2+ 34. Kf1 h6 35. Rb5 Nf3 36. Rb3 d4 {[#] Strongly threatening ...d3.} 37. Nf4 {To avoid d3} Rd1+ 38. Ke2 Rd2+ 39. Kf1 Rd1+ 40. Ke2 Rd2+ {Weighted Error Value: White=0.07 (flawless) /Black=0.07 (flawless)} 1/2-1/2

[Event "1st Grandiscacchi Cattolica 2022"]
[Site "Cattolica"]
[Date "2022.03.04"]
[Round "4.4"]
[White "Basso, Pier Luigi"]
[Black "Davtyan, Artur"]
[Result "1/2-1/2"]
[WhiteElo "2600"]
[BlackElo "2460"]
[Annotator "TA"]
[PlyCount "198"]
[EventDate "2022.03.03"]
[EventType "swiss"]
[EventCountry "ITA"]
[SourceTitle "playchess.com"]
[Source "ChessBase"]
[SourceQuality "1"]

{[%evp 21,198,14,25,17,17,8,9,3,14,13,29,27,25,30,30,30,32,30,32,19,16,17,33,14,20,16,21,20,18,18,14,14,13,13,43,39,37,37,36,36,36,29,29,20,20,0,66,26,20,20,36,29,29,32,68,48,100,57,56,44,58,58,72,72,73,73,73,78,78,72,72,72,72,72,79,79,79,79,79,79,85,86,87,79,79,58,58,58,66,60,67,67,67,67,93,93,93,93,93,93,93,93,93,93,93,0,93,93,71,6,93,67,93,58,93,0,93,93,93,58,68,31,42,20,42,42,56,42,42,22,42,42,58,58,58,42,42,42,47,23,58,66,64,76,76,76,79,71,79,58,58,58,97,16,16,16,16,0,0,0,42,42,42,42,46,9,9,9,9,9,20,9,9,9,9,9,40,40,40]} 1. d4 d5 2. c4 e6 3. Nf3 Nf6 4. g3 Be7 5. Bg2 O-O 6. Nc3 dxc4 7. Ne5 Nc6 8. Bxc6 bxc6 9. Nxc6 Qe8 10. Nxe7+ Qxe7 11. Qa4 c5 12. dxc5 $1 {12.dxc5 scores better than 12.Qxc4. E06: Closed Catalan: Early deviations.} Qxc5 13. Be3 Qc7 {[#]} 14. Qa3 $146 {The position is equal.} ({Predecessor:} 14. Rd1 e5 15. f3 Be6 16. O-O Qb7 17. Qb5 Qxb5 18. Nxb5 Rab8 19. Nc3 Rxb2 20. Bxa7 {½-½ (65) Giri,A (2776)-So,W (2772) chess24.com INT 2021}) 14... Bb7 15. f3 Rfd8 16. Qc5 Qxc5 17. Bxc5 Nd5 {Prevents Be7.} 18. Kf2 a5 19. Rhd1 f6 20. Nxd5 (20. h4 {feels hotter.} Rac8 21. Bd4 h5 22. Na4 Bc6 23. Nb6) 20... Rxd5 21. Rxd5 exd5 $14 {[%mdl 4096] Endgame KRB-KRB} 22. g4 Kf7 23. Rg1 Re8 24. Bd4 Ba6 25. Bc3 a4 26. a3 Bc8 27. g5 Bf5 28. gxf6 gxf6 29. Rd1 Be6 30. Rd4 Kg6 31. Rh4 Bd7 32. Bd2 Re5 33. Bc3 Rg5 (33... Re8 $11) 34. Rf4 Rf5 35. Rd4 Bc6 36. h4 Kf7 37. Kg3 Rh5 38. Rf4 Rh6 (38... f5 $14) 39. Kf2 (39. h5 $1 $16) 39... Bd7 {To avoid Rf5} 40. Ke3 Ke6 41. Kd4 Rh5 42. Kc5 Rh6 43. e3 Be8 44. e4 dxe4 45. Rxe4+ Kf7 46. Rf4 Bd7 47. Kxc4 Be6+ 48. Kd3 Bb3 49. Ke3 Ke6 50. Rb4 Kf7 51. Kf2 Rh5 52. Rf4 Rh6 53. h5 Rxh5 54. Rxf6+ Kg8 55. Ra6 Rf5 56. Kg3 h5 57. f4 Kf7 58. Be5 Bd1 59. Rh6 {White is more active.} Ke7 60. Kf2 Bb3 61. Ke2 Kd7 62. Kd3 Ke7 63. Rc6 (63. Rh7+ $16 Ke6 64. Kd4) 63... Kd7 (63... Be6 $1 $11 {remains equal.}) 64. Rd6+ $16 Ke7 65. Ke3 (65. Rh6 $16) 65... Kf7 (65... Be6 $1 $11 {keeps the balance.}) 66. Rc6 Ba2 67. Kd4 Ke7 68. Ke3 ({Better is} 68. Ke4 $16 Rf7 69. Ra6) 68... Kd7 (68... Kf7 $11) 69. Ra6 Bb3 70. Bf6 Ke8 71. Bg5 Kf7 72. Rc6 Kg7 73. Rd6 Ba2 74. Kf3 Kf7 75. Kg3 Be6 76. Rb6 Rd5 77. Kh4 Bg4 $1 78. Rf6+ Ke8 79. Ra6 Bd1 80. Ra7 Rf5 {To avoid Bf6} 81. Re7+ Kf8 {[%cal Of5g5] [#] White must now prevent ...Rxg5!} 82. Rd7 Bg4 {[%cal Of5g5] Hoping for ...Rxg5!} 83. Rd4 Ra5 84. Bd8 Ra7 85. Bf6 Kf7 86. Kg5 Ra6 {[#]} 87. Rb4 Bf3 $1 $11 (87... Rxf6 $2 88. Rb7+ Bd7 89. Rxd7+ Ke6 90. Rd4 $18) 88. Be5 Rg6+ 89. Kf5 Bc6 90. Rb8 Rg8 (90... Bd7+ $11 91. Ke4 Rg2) 91. Rxg8 $14 Kxg8 {KB-KB} 92. Kg5 Bf3 93. Kg6 h4 $1 {[%cal Bh5h4,Bh4h3][%mdl 32]} 94. f5 h3 95. Kf6 Bd5 96. Kg5 Kf7 97. Kg4 Be4 98. f6 h2 99. Bxh2 Kxf6 {Weighted Error Value: White=0.05 (flawless) /Black=0.08 (flawless)} 1/2-1/2

[Event "1st Grandiscacchi Cattolica 2022"]
[Site "Cattolica"]
[Date "2022.03.04"]
[Round "4.5"]
[White "Pranav Anand"]
[Black "Moroni, Luca Jr"]
[Result "1-0"]
[WhiteElo "2436"]
[BlackElo "2588"]
[Annotator "TA"]
[PlyCount "79"]
[EventDate "2022.03.03"]
[EventType "swiss"]
[EventCountry "ITA"]
[SourceTitle "playchess.com"]
[Source "ChessBase"]
[SourceQuality "1"]

{[%evp 17,79,0,11,17,17,8,15,15,18,16,20,18,20,39,84,82,147,139,148,133,110,85,185,167,243,227,243,233,258,256,494,470,465,416,401,356,358,283,335,321,1646,1619,29978,29979,29979,29980,29988,29989,29989,29983,1969,0,29987,29988,29988,29974,29973,29962,29982,29983,29989,29990,29990,29978]} 1. d4 d5 2. c4 e6 3. Nf3 a6 4. g3 dxc4 5. Bg2 Nc6 {[%cal Bb8c6,Bc6b4,Bb4d3][%mdl 32]} 6. O-O Rb8 7. e4 Be7 8. Nc3 Nf6 9. d5 Nb4 {[%cal Re6d5]} 10. Ne5 {E04: Open Catalan: 5 Nf3.} O-O {[#]} 11. a3 $146 ({Predecessor:} 11. Nxc4 exd5 12. exd5 Bg4 13. Qd2 Bf5 14. Ne3 Bg6 15. Rd1 Nd3 16. Qe2 Nxc1 17. Raxc1 Re8 {½-½ (32) Markoja,B (2447)-Beliavsky,A (2519) Slovenia 2019}) 11... Nd3 12. Nxd3 {The position is equal.} cxd3 13. Qxd3 exd5 14. exd5 Bg4 15. h3 Bh5 (15... Bd7 $14) 16. f4 $1 $16 {[%cal Bf2f4,Bf4f5][%mdl 32] White is more active.} Bc5+ (16... Re8 $142) 17. Kh1 $1 (17. Be3 Qd6 $16) 17... Re8 {[%cal Oc7c6]} 18. b4 Ba7 {[%cal Oc7c6]} 19. f5 Rc8 (19... Nd7 $16) 20. Bf4 $18 ({Resist} 20. g4 Bxg4 21. hxg4 Nxg4) 20... Qd7 (20... h6 {keeps fighting.} 21. g4 Bxg4) 21. g4 Bxg4 22. hxg4 Nxg4 23. Bh3 h5 (23... Nf2+ $2 24. Rxf2 $1 {[%mdl 512]} Bxf2 25. f6 $18) (23... Nf6 24. Rad1 Ra8) 24. Bxg4 hxg4 25. Kg2 c5 26. bxc5 Rxc5 27. Rac1 b5 28. f6 {aiming for Rh1.} Rc4 $2 {[#]} (28... g6 29. Rce1 Rc4) 29. Rh1 $1 {Threatening mate with Qh7+.} g6 {[#]} (29... Rce4 30. Nxe4) 30. Bh6 $1 Rxc3 31. Rxc3 (31. Qxc3 Qf5 32. Bf4 Qxf4 $19) 31... Re5 32. Bg7 {[%csl Gg7][%cal Rh1h8]} Rh5 33. Rhc1 Bb6 34. Rh1 $2 ({Better is} 34. Rc8+ $18 Bd8 35. d6) 34... g3 $2 {[%mdl 8192]} (34... Ba7 $11 35. Qe4 Rxh1 36. Kxh1 Bb6) 35. Rxh5 {White mates.} gxh5 36. Qxg3 Qxd5+ 37. Qf3 Qd2+ 38. Kf1 b4 39. Rc8+ Bd8 {[#]} 40. Bh6 $1 {[%mdl 512] Weighted Error Value: White=0.26 (precise) /Black=0.72} 1-0

[Event "1st Grandiscacchi Cattolica 2022"]
[Site "Cattolica"]
[Date "2022.03.04"]
[Round "4.6"]
[White "Lodici, Lorenzo"]
[Black "Assaubayeva, Bibisara"]
[Result "1/2-1/2"]
[WhiteElo "2537"]
[BlackElo "2434"]
[Annotator "ChessBase"]
[PlyCount "82"]
[EventDate "2022.03.03"]
[EventType "swiss"]
[EventCountry "ITA"]
[SourceTitle "playchess.com"]
[Source "ChessBase"]
[SourceQuality "1"]
[TimeControl "5400+30"]

1. d4 {[%emt 0:01:36]} Nf6 {[%emt 0:00:09]} 2. c4 {[%emt 0:00:03]} g6 {[%emt 0:00:09]} 3. Nc3 {[%emt 0:00:05]} Bg7 {[%emt 0:00:09]} 4. e4 {[%emt 0:00:04]} d6 {[%emt 0:00:08]} 5. h3 {[%emt 0:00:02]} O-O {[%emt 0:00:11]} 6. Be3 {[%emt 0:00:03]} e5 {[%emt 0:00:47]} 7. d5 {[%emt 0:00:04]} Na6 {[%emt 0:00:06]} 8. g4 {[%emt 0:00:11]} Nc5 {[%emt 0:00:12]} 9. f3 {[%emt 0:00:24]} c6 {[%emt 0:01:58]} 10. Qd2 {[%emt 0:00:29]} cxd5 {[%emt 0:01:08]} 11. cxd5 {[%emt 0:00:04]} Ne8 {[%emt 0:03:52]} 12. Nge2 {[%emt 0:08:42]} f5 {[%emt 0:05:01]} 13. gxf5 {[%emt 0:00:56]} gxf5 {[%emt 0:00:39]} 14. exf5 Bxf5 {[%emt 0:06:33]} 15. Ng3 {[%emt 0:00:46]} Bg6 {[%emt 0:02:46]} 16. h4 {[%emt 1:25:01]} Rxf3 {[%emt 0:06:14]} 17. h5 {[%emt 0:00:00]} Rxg3 {[%emt 0:10:09]} 18. hxg6 {[%emt 0:00:00]} hxg6 {[%emt 0:02:40]} 19. O-O-O {[%emt 0:00:00]} Qb6 {[%emt 0:08:22]} 20. Rh3 {[%emt 0:00:00]} Rg4 {[%emt 0:02:47]} 21. Qe2 {[%emt 0:00:00]} Nf6 {[%emt 0:06:02]} 22. Rf3 {[%emt 0:00:00]} Rd4 {[%emt 0:08:12]} 23. Qg2 {[%emt 0:00:00]} Rxd1+ {[%emt 0:09:33]} 24. Kxd1 {[%emt 0:00:00]} Qb4 {[%emt 0:04:38]} 25. Rg3 {[%emt 0:00:00]} Kf7 {[%emt 0:06:15]} 26. Rxg6 {[%emt 0:00:00]} Rg8 {[%emt 0:00:13]} 27. Nb5 {[%emt 0:00:00]} Na4 {[%emt 0:02:47]} 28. Bd2 {[%emt 0:04:11]} Qxb2 {[%emt 0:06:54]} 29. Bd3 {[%emt 0:00:32]} Qa1+ {[%emt 0:02:28]} 30. Ke2 {[%emt 0:00:18]} Nb2 {[%emt 0:01:05]} 31. Nxd6+ {[%emt 0:00:49]} Kf8 {[%emt 0:00:03]} 32. Bc2 {[%emt 0:00:26]} Qxa2 {[%emt 0:01:07]} 33. Bb4 {[%emt 0:00:56]} Qa6+ {[%emt 0:01:33]} 34. Ke1 {[%emt 0:01:10]} Nd3+ {[%emt 0:02:00]} 35. Bxd3 {[%emt 0:00:18]} Qxd3 {[%emt 0:00:02]} 36. Rxf6+ {[%emt 0:00:48]} Bxf6 {[%emt 0:00:02]} 37. Nf5+ {[%emt 0:00:05]} Be7 {[%emt 0:00:18]} 38. Bxe7+ {[%emt 0:00:11]} Kf7 {[%emt 0:00:01]} 39. Nh6+ {[%emt 0:00:32]} Kxe7 {[%emt 0:00:01]} 40. Nxg8+ {[%emt 0:00:12]} Kd6 {[%emt 0:00:00]} 41. Qg7 {[%emt 0:01:14]} Qe3+ {[%emt 0:01:37]} 1/2-1/2

[Event "1st Grandiscacchi Cattolica 2022"]
[Site "Cattolica"]
[Date "2022.03.04"]
[Round "4.7"]
[White "Sebenik, Matej"]
[Black "Karthikeyan, P.."]
[Result "1-0"]
[WhiteElo "2510"]
[BlackElo "2396"]
[Annotator "TA"]
[PlyCount "79"]
[EventDate "2022.03.03"]
[EventType "swiss"]
[EventCountry "ITA"]
[SourceTitle "playchess.com"]
[Source "ChessBase"]
[SourceQuality "1"]

{[%evp 10,79,14,0,11,15,16,13,41,34,37,32,43,20,17,0,0,0,0,0,38,32,40,44,40,39,54,50,50,45,47,17,31,16,40,22,51,48,55,51,63,50,37,34,44,19,32,27,68,47,83,68,100,91,114,92,172,150,162,166,159,150,350,343,613,622,639,570,571,566,553,471]} 1. d4 Nf6 2. Nf3 d5 3. e3 c6 4. Bd3 Bg4 5. Nbd2 Nbd7 6. c4 e6 {D11: Slav Defence: 3 Nf3 sidelines and 3...Nf6 4 e3 Bg4.} (6... e5 $5 {[%cal Re5e4]} 7. cxd5 cxd5 8. dxe5 {[#]} Nxe5 $1 $11) 7. O-O {7.Qc2 gains popularity.} Be7 8. b3 O-O {[%cal Oe6e5] The position is equal.} 9. Qc2 Bh5 10. Bb2 Rc8 11. Ne5 c5 12. Rac1 cxd4 13. exd4 dxc4 14. bxc4 {[#]} ({But not} 14. Ndxc4 $2 b5 15. Nxd7 Qxd7 $19) 14... Qc7 $146 ({Predecessor:} 14... Rc7 15. Rfe1 Bb4 16. a3 Bxd2 17. Qxd2 Nxe5 18. Rxe5 Bg6 19. Be2 Ne4 20. Qf4 Nd6 21. d5 Qf6 22. Qd2 Qd8 23. c5 {1-0 (23) Socko,B (2658)-Bromberger,S (2521) Germany 2014}) 15. Nb3 Bg6 16. Nxg6 hxg6 17. Qe2 Rfe8 18. g3 Bf8 19. f4 $1 {Inhibits e5.} Nb8 20. Qf3 a5 21. Kh1 Qb6 22. c5 Qc7 23. Bb5 Nc6 24. a4 Nd5 25. Nd2 Red8 26. Nc4 Be7 27. Rfd1 Rb8 28. Ne5 Nxe5 (28... Bf6 $11) 29. fxe5 $14 ({Reject} 29. dxe5 Bxc5 30. Bd4 b6 $15) 29... Bg5 30. Rb1 Nb4 31. h4 Be7 32. Bc3 {White is more active.} Nc6 (32... Nd5 $16 {is a better defense.}) 33. Rb2 Rd5 34. Rf1 $36 {[%mdl 2048] White is really pushing.} Rf8 35. Qg4 Bd8 $2 {Loses the game.} (35... Bxc5 $16 36. dxc5 Rxc5) 36. Rbf2 $18 Ne7 $2 {[#]} (36... Nxe5 37. dxe5 Rxc5) 37. Rxf7 $3 {[%mdl 512] White is clearly winning.} Rxf7 38. Qxe6 Nf5 {[#]} 39. Rxf5 {[%mdl 512]} gxf5 40. Qxd5 {Weighted Error Value: White=0.07 (flawless) /Black=0.27 (precise)} 1-0

[Event "1st Grandiscacchi Cattolica 2022"]
[Site "Cattolica"]
[Date "2022.03.04"]
[Round "4.9"]
[White "Ojas Kulkarni"]
[Black "Nesterov, Arseniy"]
[Result "0-1"]
[WhiteElo "2236"]
[BlackElo "2522"]
[Annotator "TA"]
[PlyCount "58"]
[EventDate "2022.03.03"]
[EventType "swiss"]
[EventCountry "ITA"]
[SourceTitle "playchess.com"]
[Source "ChessBase"]
[SourceQuality "1"]

{[%evp 9,58,0,7,2,12,8,20,17,17,11,27,22,29,18,15,18,16,-27,-27,-67,-60,-72,-70,-78,-71,-72,-82,-76,-67,-64,-55,-170,-151,-260,-208,-258,-260,-818,-795,-1197,-1143,-29988,-29984,-29994,-29981,-29995,-29996,-29996,-29997,-29997,-29998]} 1. e4 c6 2. d4 d5 3. exd5 cxd5 4. Bf4 Nc6 5. c3 Bf5 6. Nd2 {B13: Caro-Kann: Exchange Variation and Panov-Botvinnik Attack.} e6 7. Ngf3 Bd6 8. Bxd6 {The position is equal.} Qxd6 9. Nh4 Bg6 10. Be2 Nge7 {[#]} 11. Nxg6 $146 ({Predecessor:} 11. O-O Nf5 12. Nxf5 Bxf5 13. Re1 O-O 14. Nf3 Rab8 15. h3 b5 16. a3 Na5 17. Bd3 Bxd3 18. Qxd3 {0-1 (69) Harika,D (2511)-Le,Q (2709) Kolkata 2021}) 11... hxg6 12. h3 g5 13. Bh5 (13. Nb3 $142) 13... e5 $11 14. dxe5 Qxe5+ 15. Kf1 {[#]} d4 $1 16. cxd4 Nxd4 17. Be2 O-O-O {[%cal Ba8d8,Bd8d4,Bd4d2,Bd2b2][%mdl 32]} ({Don't play} 17... Nxe2 $6 18. Qxe2 Qxb2 19. Rb1 Qxa2 20. Rxb7 Qa1+ 21. Rb1 $15 (21. Nb1 Qf6 $15)) 18. Nf3 Qf6 ({But not} 18... Qxe2+ $6 19. Qxe2 Nxe2 20. Kxe2 $11) 19. Nxd4 Rxd4 20. Qc1+ (20. Qb3 $15) 20... Kb8 $19 {Active counter play!} 21. g3 {Prevents Rf4.} (21. Kg1 $17) 21... Rc8 22. Qe3 {[#]} Nf5 $1 23. Qb3 (23. Qf3 Rd2 24. Bd3) 23... Rd2 {White must now prevent ...Nd4.} 24. Bf3 Rxb2 25. Qd5 Rcc2 {Black mates.} 26. Re1 Rxf2+ 27. Kg1 {[#]} Rf1+ $3 {[%mdl 512]} 28. Kxf1 Nxg3+ 29. Kg1 Qb6+ {Weighted Error Value: White=0.76/Black=0.03 (flawless)} 0-1